[Event "Ceriano Laghetto op-B 24th"]
[Site "Ceriano Laghetto"]
[Date "2015.03.07"]
[Round "2"]
[White "Moroni, Luca"]
[Black "Alessandro, Sergio"]
[Result "1/2-1/2"]
[WhiteElo "1833"]
[BlackElo "1692"]
[PlyCount "35"]
[EventDate "2015.03.06"]
[EventType "swiss"]
[EventRounds "5"]
[EventCountry "ITA"]
[SourceTitle "EXT 2017"]
[Source "ChessBase"]
[SourceDate "2016.10.25"]
[SourceVersion "1"]
[SourceVersionDate "2016.10.25"]
[SourceQuality "1"]

1. Nf3 Nf6 2. d4 d5 3. Bf4 c6 4. c3 Bf5 5. e3 e6 6. Bd3 Bxd3 7. Qxd3 Bd6 8. Bxd6 Qxd6 9. Nbd2 Nbd7 10. 0-0 0-0 11. Rfe1 e5 12. dxe5 Nxe5 13. Nxe5 Qxe5 14. Nf3 Qe4 15. Rad1 Rfe8 16. Qxe4 Rxe4 17. Rd4 Rae8 18. Rc1 1/2-1/2